[Event "Tradewise Gibraltar AmatWk2"]
[Site "Gibraltar"]
[Date "2017.01.29"]
[Round "2.11"]
[White "Kearsley, Raymond J"]
[Black "Winter, Kevin"]
[Result "0-1"]
[WhiteElo "1687"]
[BlackElo "1818"]
[PlyCount "66"]
[EventDate "2017.01.28"]
[EventType "swiss"]
[EventRounds "5"]
[EventCountry "GGB"]
[SourceTitle "BritBase"]
[Source "www.saund.co.uk"]
[SourceDate "2018.02.10"]
[SourceVersion "1"]
[SourceVersionDate "2018.02.10"]
[SourceQuality "1"]

1. e4 d6 2. d4 Nf6 3. Nc3 Nbd7 4. Nf3 e5 5. Bg5 Be7 6. dxe5 dxe5 7. Bd3 c6 8.
O-O Qc7 9. Nd2 b5 10. a3 O-O 11. Kh1 h6 12. Be3 Nc5 13. Bxc5 Bxc5 14. h3 Bb7
15. Nb3 Be7 16. Qe2 a6 17. Qe3 c5 18. Nd2 c4 19. Be2 Rad8 20. Rad1 Rfe8 21. Bf3
Bc5 22. Qe2 Bd4 23. Ndb1 Qb8 24. Rd2 Bc5 25. Rfd1 Rxd2 26. Rxd2 Bb6 27. Nd5
Bxd5 28. exd5 e4 29. Bg4 e3 30. fxe3 Ne4 31. Qe1 Nxd2 32. Qxd2 Bxe3 33. Qd1 Bf2
0-1

[Event "Tradewise Gibraltar AmatWk2"]
[Site "Gibraltar"]
[Date "2017.01.29"]
[Round "2.12"]
[White "Dennis, Nigel W"]
[Black "Zitan, Abdelhay"]
[Result "1/2-1/2"]
[WhiteElo "1818"]
[BlackElo "1678"]
[PlyCount "56"]
[EventDate "2017.01.28"]
[EventType "swiss"]
[EventRounds "5"]
[EventCountry "GGB"]
[SourceTitle "BritBase"]
[Source "www.saund.co.uk"]
[SourceDate "2018.02.10"]
[SourceVersion "1"]
[SourceVersionDate "2018.02.10"]
[SourceQuality "1"]

1. e4 e5 2. Nf3 Nc6 3. Bb5 a6 4. Ba4 Nf6 5. O-O b5 6. Bb3 Be7 7. Re1 O-O 8. c3
d6 9. h3 Na5 10. Bc2 c5 11. d4 Qc7 12. Nbd2 Bd7 13. Nf1 Rac8 14. Ne3 cxd4 15.
cxd4 Rfe8 16. dxe5 dxe5 17. Bd2 Nc6 18. Rc1 Qb8 19. Nd5 Bd8 20. Nxf6+ Bxf6 21.
Bg5 Bxg5 22. Nxg5 Be6 23. Nxe6 Rxe6 24. Bb3 Re7 25. Qg4 Rec7 26. Bd5 Nd4 27.
Rxc7 Qxc7 28. Qd1 Qc5 1/2-1/2

[Event "Tradewise Gibraltar AmatWk2"]
[Site "Gibraltar"]
[Date "2017.01.29"]
[Round "2.13"]
[White "Bishop, Geoffrey L"]
[Black "Sevillano Garcia, Joaquin"]
[Result "0-1"]
[WhiteElo "1677"]
[BlackElo "1816"]
[PlyCount "90"]
[EventDate "2017.01.28"]
[EventType "swiss"]
[EventRounds "5"]
[EventCountry "GGB"]
[SourceTitle "BritBase"]
[Source "www.saund.co.uk"]
[SourceDate "2018.02.10"]
[SourceVersion "1"]
[SourceVersionDate "2018.02.10"]
[SourceQuality "1"]

1. e4 d5 2. exd5 Qxd5 3. Nc3 Qa5 4. Nf3 Nf6 5. Be2 Bg4 6. h3 Bh5 7. b4 Qb6 8.
a4 c6 9. b5 a5 10. Rb1 c5 11. O-O Nbd7 12. d3 e6 13. Be3 Be7 14. d4 O-O 15. g4
Bg6 16. Ne5 Nxe5 17. dxe5 Rad8 18. Qe1 Nd5 19. Nxd5 exd5 20. Bd2 Ra8 21. Rc1
Qc7 22. f4 Be4 23. Bc3 f5 24. g5 b6 25. Bb2 c4 26. Bd4 Rac8 27. Qf2 Bc5 28. c3
Qe7 29. Bf3 Bxd4 30. Qxd4 Qc5 31. Qxc5 bxc5 32. Rcd1 Rcd8 33. Rd2 d4 34. cxd4
cxd4 35. Kf2 c3 36. Rdd1 Rd5 37. Rfe1 Bxf3 38. Kxf3 Rc8 39. Rd3 Rc4 40. Rc1 Kf7
41. Ke2 Ke6 42. Ra1 Rb4 43. Ra2 Rc5 44. Kd1 Kd5 45. Kc2 Ke4 0-1

[Event "Tradewise Gibraltar AmatWk2"]
[Site "Gibraltar"]
[Date "2017.01.29"]
[Round "2.14"]
[White "Densing, Gerd"]
[Black "Haddock, Paul"]
[Result "0-1"]
[WhiteElo "1807"]
[BlackElo "1570"]
[PlyCount "41"]
[EventDate "2017.01.28"]
[EventType "swiss"]
[EventRounds "5"]
[EventCountry "GGB"]
[SourceTitle "BritBase"]
[Source "www.saund.co.uk"]
[SourceDate "2018.02.10"]
[SourceVersion "1"]
[SourceVersionDate "2018.02.10"]
[SourceQuality "1"]

1. d4 Nf6 2. Nf3 g6 3. Nc3 Bg7 4. e4 d6 5. Bd3 O-O 6. Be3 e5 7. dxe5 dxe5 8.
Qd2 Nbd7 9. Bh6 c6 10. Bxg7 Kxg7 11. O-O-O Qa5 12. h4 h5 13. Ng5 b5 14. Kb1 Nc5
15. Qe3 b4 16. Ne2 Ng4 17. Qg3 f6 18. Nh3 Be6 19. b3 Qa3 20. c4 bxc3 21. Bc2
0-1

[Event "Tradewise Gibraltar AmatWk2"]
[Site "Gibraltar"]
[Date "2017.01.29"]
[Round "2.18"]
[White "Tveten, Per"]
[Black "Savage, Neil"]
[Result "0-1"]
[WhiteElo "1486"]
[BlackElo "1705"]
[PlyCount "50"]
[EventDate "2017.01.28"]
[EventType "swiss"]
[EventRounds "5"]
[EventCountry "GGB"]
[SourceTitle "BritBase"]
[Source "www.saund.co.uk"]
[SourceDate "2018.02.10"]
[SourceVersion "1"]
[SourceVersionDate "2018.02.10"]
[SourceQuality "1"]

1. e4 c5 2. Nf3 e6 3. c4 Nc6 4. Nc3 Nf6 5. g3 d5 6. cxd5 exd5 7. exd5 Nxd5 8.
Nxd5 Qxd5 9. Qe2+ Be7 10. Bg2 O-O 11. O-O Bg4 12. h3 Bh5 13. g4 Bg6 14. Re1 Qd7
15. a4 Rfe8 16. Ra3 Bf6 17. Re3 Rxe3 18. dxe3 Rd8 19. Nd2 Bxb2 20. Ne4 Bxe4 21.
Bxe4 Bxc1 22. Rxc1 b6 23. Bf3 Ne5 24. Rd1 Nxf3+ 25. Kg2 Qxd1 0-1

[Event "Tradewise Gibraltar AmatWk2"]
[Site "Gibraltar"]
[Date "2017.01.29"]
[Round "2.19"]
[White "Manchado Garrido, Marcos Anton"]
[Black "Diaz Mino, Daniel"]
[Result "0-1"]
[WhiteElo "1429"]
[BlackElo "1658"]
[PlyCount "112"]
[EventDate "2017.01.28"]
[EventType "swiss"]
[EventRounds "5"]
[EventCountry "GGB"]
[SourceTitle "BritBase"]
[Source "www.saund.co.uk"]
[SourceDate "2018.02.10"]
[SourceVersion "1"]
[SourceVersionDate "2018.02.10"]
[SourceQuality "1"]

1. d4 d5 2. c4 e6 3. cxd5 exd5 4. Nc3 Nf6 5. Bf4 c5 6. e3 Nc6 7. h3 cxd4 8.
exd4 a6 9. a3 Qb6 10. Na4 Qxd4 11. Qxd4 Nxd4 12. Rc1 Nd7 13. Ne2 Ne6 14. Bh2 b5
15. Nac3 Bb7 16. Nb1 Ndc5 17. Ng3 Rc8 18. Rd1 Be7 19. Be2 O-O 20. O-O Rfe8 21.
Nf5 Bf8 22. Bd6 Ne4 23. Bxf8 Nxf8 24. Bf3 Rcd8 25. Nd2 Ng5 26. Bg4 h5 27. Bf3
Nxf3+ 28. Nxf3 Re2 29. Rd2 Rxd2 30. Nxd2 Re8 31. Nd6 Re2 32. Nxb7 Rxd2 33. Rb1
Ne6 34. Nd6 Nf4 35. Nf5 Nd3 36. Ne7+ Kf8 37. Nxd5 Rxb2 38. Rxb2 Nxb2 39. Nb6
Nc4 40. Nxc4 bxc4 41. Kf1 Ke7 42. Ke1 Kd6 43. Kd2 Kd5 44. Kc3 a5 45. f3 h4 46.
f4 g6 47. Kd2 Kd4 48. Kc2 a4 49. Kd2 f6 50. Kc2 c3 51. Kd1 Kd3 52. Kc1 c2 53.
g4 hxg3 54. f5 Kc3 55. fxg6 g2 56. g7 g1=Q# 0-1

[Event "Tradewise Gibraltar AmatWk2"]
[Site "Gibraltar"]
[Date "2017.01.29"]
[Round "2.20"]
[White "Izzard, Brian J"]
[Black "McLeod, Paul"]
[Result "1-0"]
[WhiteElo "1657"]
[BlackElo "1344"]
[PlyCount "57"]
[EventDate "2017.01.28"]
[EventType "swiss"]
[EventRounds "5"]
[EventCountry "GGB"]
[SourceTitle "BritBase"]
[Source "www.saund.co.uk"]
[SourceDate "2018.02.10"]
[SourceVersion "1"]
[SourceVersionDate "2018.02.10"]
[SourceQuality "1"]

1. d4 Nf6 2. c4 e6 3. Nf3 Be7 4. Nc3 O-O 5. e4 h6 6. Bd3 Bb4 7. O-O Bxc3 8.
bxc3 d6 9. Bd2 Nc6 10. Qe2 e5 11. h3 Re8 12. d5 Ne7 13. Nh2 Ng6 14. f4 Nxf4 15.
Bxf4 exf4 16. Rxf4 g5 17. Rf2 Kg7 18. Re1 Nh7 19. Ref1 f5 20. Qc2 f4 21. e5 Nf8
22. e6 c6 23. Re2 Qb6+ 24. Kh1 cxd5 25. cxd5 Qc5 26. c4 Re7 27. Qc3+ Kg8 28.
Ng4 Bxe6 29. Nxh6# 1-0

[Event "Tradewise Gibraltar AmatWk2"]
[Site "Gibraltar"]
[Date "2017.01.29"]
[Round "2.21"]
[White "Olde, Karl Erik"]
[Black "Ramesh, Balasubramanian"]
[Result "1-0"]
[WhiteElo "1352"]
[BlackElo "1646"]
[PlyCount "128"]
[EventDate "2017.01.28"]
[EventType "swiss"]
[EventRounds "5"]
[EventCountry "GGB"]
[SourceTitle "BritBase"]
[Source "www.saund.co.uk"]
[SourceDate "2018.02.10"]
[SourceVersion "1"]
[SourceVersionDate "2018.02.10"]
[SourceQuality "1"]

1. c4 e6 2. Nc3 d5 3. cxd5 exd5 4. d4 Nf6 5. g3 Be7 6. Bg2 c6 7. Bg5 h6 8. Bxf6
Bxf6 9. Nf3 O-O 10. O-O Bf5 11. Rc1 Re8 12. e3 Nd7 13. b4 Be7 14. b5 Ba3 15.
bxc6 bxc6 16. Nd2 Bxc1 17. Qxc1 Nb6 18. Nb3 Nc4 19. Na4 Qc8 20. Nac5 Bh3 21.
Re1 Bxg2 22. Kxg2 Rb8 23. Rf1 Re7 24. Re1 Rb6 25. Rf1 Qd8 26. Re1 Qd6 27. Rf1
a5 28. a4 Re8 29. Qc2 Rb4 30. Re1 Reb8 31. Qa2 R8b6 32. Rb1 Qg6 33. Nd7 Rb7 34.
Ndc5 Re7 35. Re1 h5 36. h4 Ra7 37. Kh2 Qf5 38. Kg2 Nb6 39. Qa1 Rc4 40. Rf1 Re7
41. Nxa5 Rc2 42. Qe1 Nc4 43. Nxc4 Rxc4 44. Qa1 Rc2 45. Qe1 Ra7 46. a5 g5 47.
Rh1 g4 48. Rf1 Qf3+ 49. Kg1 Re2 50. Qb1 Rxe3 51. Qb8+ Kh7 52. Qf4 Qxf4 53. gxf4
Re2 54. a6 Rd2 55. Rb1 Rxd4 56. Rb7 Rc4 57. Ne6 Rxa6 58. f5 Kg8 59. Rb8+ Kh7
60. Rb7 Ra1+ 61. Kg2 Ra2 62. Ng5+ Kg8 63. f6 Ra8 64. Rxf7 Rca4 1-0

[Event "Tradewise Gibraltar AmatWk2"]
[Site "Gibraltar"]
[Date "2017.01.29"]
[Round "2.23"]
[White "Gough, Theo"]
[Black "Koreywo, Witold"]
[Result "1-0"]
[WhiteElo "1330"]
[BlackElo "1620"]
[PlyCount "59"]
[EventDate "2017.01.28"]
[EventType "swiss"]
[EventRounds "5"]
[EventCountry "GGB"]
[SourceTitle "BritBase"]
[Source "www.saund.co.uk"]
[SourceDate "2018.02.10"]
[SourceVersion "1"]
[SourceVersionDate "2018.02.10"]
[SourceQuality "1"]

1. d4 f5 2. Bf4 Nf6 3. e3 e6 4. Nf3 Be7 5. Bd3 O-O 6. O-O d6 7. c4 Qe8 8. Nc3
c6 9. Qb3 d5 10. cxd5 exd5 11. Ne5 Kh8 12. f3 Nh5 13. Ne2 Nxf4 14. Nxf4 g5 15.
Ne2 Nd7 16. f4 g4 17. Ng3 Nxe5 18. fxe5 Bg5 19. Nxf5 Bxf5 20. Bxf5 Bxe3+ 21.
Qxe3 Qh5 22. Bd3 g3 23. Rxf8+ Rxf8 24. Qxg3 Rg8 25. Qf2 Qg4 26. h3 Qxh3 27.
Qf6+ Rg7 28. Qf8+ Rg8 29. Qxg8+ Kxg8 30. gxh3 1-0

[Event "Tradewise Gibraltar AmatWk2"]
[Site "Gibraltar"]
[Date "2017.01.29"]
[Round "2.24"]
[White "Riedel, Michael"]
[Black "Mahtani, Johan"]
[Result "1-0"]
[WhiteElo "1590"]
[BlackElo "1166"]
[PlyCount "55"]
[EventDate "2017.01.28"]
[EventType "swiss"]
[EventRounds "5"]
[EventCountry "GGB"]
[SourceTitle "BritBase"]
[Source "www.saund.co.uk"]
[SourceDate "2018.02.10"]
[SourceVersion "1"]
[SourceVersionDate "2018.02.10"]
[SourceQuality "1"]

1. d4 d5 2. c3 Nf6 3. Bg5 h6 4. Bh4 Bf5 5. Qb3 b6 6. Nd2 e6 7. e3 Qd6 8. Bg3
Qd7 9. Ngf3 Bd6 10. Rc1 Bxg3 11. hxg3 Bg4 12. Be2 Bxf3 13. Nxf3 Qd6 14. Rh3 g5
15. Nxg5 Ne4 16. Nxe4 dxe4 17. d5 e5 18. Qa4+ Ke7 19. Qxe4 Nd7 20. Bb5 Rhd8 21.
Bc6 Rac8 22. Rh5 Kf8 23. Qf5 Nb8 24. Bb7 c5 25. Bxc8 a6 26. Be6 Kg8 27. Qxf7+
Kh8 28. Rxh6# 1-0

[Event "Tradewise Gibraltar AmatWk2"]
[Site "Gibraltar"]
[Date "2017.01.29"]
[Round "2.26"]
[White "Oliva Parra, Ernesto"]
[Black "Jain, Anushree"]
[Result "1-0"]
[WhiteElo "1578"]
[BlackElo "1008"]
[PlyCount "63"]
[EventDate "2017.01.28"]
[EventType "swiss"]
[EventRounds "5"]
[EventCountry "GGB"]
[SourceTitle "BritBase"]
[Source "www.saund.co.uk"]
[SourceDate "2018.02.10"]
[SourceVersion "1"]
[SourceVersionDate "2018.02.10"]
[SourceQuality "1"]

1. e4 e5 2. Nf3 Nc6 3. Bc4 d6 4. h3 g6 5. Nc3 Bg7 6. a3 Be6 7. Nd5 Nf6 8. d3
Qd7 9. c3 Na5 10. Ba2 O-O 11. Bh6 Bxh6 12. Nxf6+ Kh8 13. Nxd7 Bxd7 14. O-O b6
15. b4 Nb7 16. d4 f6 17. dxe5 fxe5 18. Nxe5 Bb5 19. c4 Be8 20. Ng4 Bg7 21. Rb1
g5 22. Re1 Bh5 23. Qd5 Rab8 24. Qxg5 Bg6 25. h4 Bd4 26. Rbd1 Bc3 27. Re2 c5 28.
h5 Bf7 29. h6 cxb4 30. e5 Rg8 31. Qf6+ Rg7 32. Qxg7# 1-0

[Event "Tradewise Gibraltar AmatWk2"]
[Site "Gibraltar"]
[Date "2017.01.29"]
[Round "2.27"]
[White "Dhanwani, Aryan"]
[Black "Davies, Cledwyn"]
[Result "0-1"]
[WhiteElo "1072"]
[BlackElo "1572"]
[PlyCount "90"]
[EventDate "2017.01.28"]
[EventType "swiss"]
[EventRounds "5"]
[EventCountry "GGB"]
[SourceTitle "BritBase"]
[Source "www.saund.co.uk"]
[SourceDate "2018.02.10"]
[SourceVersion "1"]
[SourceVersionDate "2018.02.10"]
[SourceQuality "1"]

1. e4 d5 2. exd5 Qxd5 3. Nc3 Qd8 4. d4 Nf6 5. Nf3 Bg4 6. Be2 e6 7. O-O c6 8.
Bg5 Nbd7 9. Ne5 Bxe2 10. Qxe2 Be7 11. Qf3 O-O 12. Rad1 Nb6 13. Qg3 Kh8 14. Bh6
gxh6 15. Rd3 Nbd5 16. Nxd5 cxd5 17. Qh3 Ne4 18. Qxh6 Bg5 19. Qh5 Qf6 20. Nd7
Qg6 21. Qxg6 hxg6 22. Nxf8 Rxf8 23. h4 Be7 24. g3 Rc8 25. Rb3 b6 26. Rc1 Nd2
27. Rc3 Rxc3 28. bxc3 Ba3 29. Rd1 Ne4 30. Rb1 Nd2 31. Rd1 Nc4 32. Rd3 Bb2 33.
Kg2 Nd6 34. a4 Ne4 35. Rf3 Kg7 36. a5 bxa5 37. c4 a4 38. c5 a3 39. Rxa3 Bxa3
40. f3 Nf6 41. Kf2 a5 42. Ke2 Bb2 43. c6 Ne8 44. Kd2 Bxd4 45. c3 Bf2 0-1

[Event "Tradewise Gibraltar AmatWk2"]
[Site "Gibraltar"]
[Date "2017.01.29"]
[Round "2.32"]
[White "Skalli, Taoufik"]
[Black "Shehzad, Shazil"]
[Result "1/2-1/2"]
[WhiteElo "1864"]
[BlackElo "1783"]
[PlyCount "55"]
[EventDate "2017.01.28"]
[EventType "swiss"]
[EventRounds "5"]
[EventCountry "GGB"]
[SourceTitle "BritBase"]
[Source "www.saund.co.uk"]
[SourceDate "2018.02.10"]
[SourceVersion "1"]
[SourceVersionDate "2018.02.10"]
[SourceQuality "1"]

1. e4 c5 2. Nf3 d6 3. d4 cxd4 4. Nxd4 a6 5. h3 Nf6 6. Nc3 e5 7. Nde2 Be6 8. g4
d5 9. exd5 Nxd5 10. Bg2 Bb4 11. Bd2 Nxc3 12. Bxc3 Bxc3+ 13. Nxc3 Qb6 14. O-O
O-O 15. Nd5 Bxd5 16. Qxd5 Nc6 17. c3 Rfd8 18. Qb3 Qxb3 19. axb3 Rd2 20. Bxc6
bxc6 21. Rfd1 Rxd1+ 22. Rxd1 Kf8 23. Rd7 a5 24. Rc7 Rb8 25. b4 axb4 26. Rxc6
bxc3 27. bxc3 Rb7 28. Kf1 1/2-1/2

[Event "Tradewise Gibraltar AmatWk2"]
[Site "Gibraltar"]
[Date "2017.01.30"]
[Round "3.1"]
[White "Robson, Paul E"]
[Black "Winter, Kevin"]
[Result "1-0"]
[WhiteElo "1897"]
[BlackElo "1818"]
[PlyCount "59"]
[EventDate "2017.01.28"]
[EventType "swiss"]
[EventRounds "5"]
[EventCountry "GGB"]
[SourceTitle "BritBase"]
[Source "www.saund.co.uk"]
[SourceDate "2018.02.10"]
[SourceVersion "1"]
[SourceVersionDate "2018.02.10"]
[SourceQuality "1"]

1. e4 d6 2. f4 e5 3. Nf3 Nd7 4. Bc4 h6 5. d3 Ngf6 6. O-O Be7 7. Qe1 c6 8. fxe5
Nxe5 9. Nxe5 dxe5 10. Qg3 Kf8 11. Be3 b5 12. Bb3 Qd6 13. Nd2 Be6 14. h3 a5 15.
Nf3 Bxb3 16. axb3 Nh5 17. Qxe5 Ng3 18. Qxd6 Bxd6 19. Rf2 Ke7 20. e5 Bb8 21.
Bc5+ Ke6 22. Re1 Nf5 23. g4 Ne7 24. Nd4+ Kd5 25. Bxe7 Kxd4 26. Rxf7 Re8 27. e6
Ra7 28. Re4+ Kd5 29. Rf5+ Be5 30. Rfxe5# 1-0

[Event "Tradewise Gibraltar AmatWk2"]
[Site "Gibraltar"]
[Date "2017.01.30"]
[Round "3.2"]
[White "Valladolid Martin, Fco. Jose"]
[Black "Lopez Valcarcel, Juan"]
[Result "1-0"]
[WhiteElo "1897"]
[BlackElo "1785"]
[PlyCount "117"]
[EventDate "2017.01.28"]
[EventType "swiss"]
[EventRounds "5"]
[EventCountry "GGB"]
[SourceTitle "BritBase"]
[Source "www.saund.co.uk"]
[SourceDate "2018.02.10"]
[SourceVersion "1"]
[SourceVersionDate "2018.02.10"]
[SourceQuality "1"]

1. e4 c5 2. Nf3 d6 3. Bb5+ Bd7 4. Bxd7+ Nxd7 5. b3 Ngf6 6. Qe2 e5 7. Bb2 Be7 8.
O-O O-O 9. c3 Re8 10. d4 Bf8 11. Nfd2 d5 12. f4 cxd4 13. cxd4 exd4 14. e5 Qb6
15. Qd3 Ng4 16. Bxd4 Qxd4+ 17. Qxd4 Bc5 18. Nf3 Bxd4+ 19. Nxd4 Nc5 20. Nd2 f6
21. exf6 Nxf6 22. Rac1 Rec8 23. N2f3 Nd3 24. Rxc8+ Rxc8 25. g3 Nb4 26. a3 Nd3
27. Rd1 Rc1 28. Rxc1 Nxc1 29. Kf2 Na2 30. Ne2 b5 31. Ke3 b4 32. a4 Kf7 33. Kd4
Ke6 34. Kc5 Kd7 35. Nfd4 a5 36. Kb5 Ne4 37. Kxa5 Nd6 38. Kb6 Nc8+ 39. Kc5 Ne7
40. a5 Kc7 41. a6 h6 42. a7 Kb7 43. Kd6 Nc8+ 44. Kxd5 Kxa7 45. Ke6 Kb6 46. Kf7
g5 47. f5 Nc3 48. Ke6 Ne4 49. f6 Nc5+ 50. Kf5 Nd6+ 51. Kg6 Nd7 52. Nf5 Ne5+ 53.
Kxh6 Nxf5+ 54. Kxg5 Nd6 55. h4 Ndf7+ 56. Kf5 Kc5 57. g4 Nh6+ 58. Kxe5 Nxg4+ 59.
Kf5 1-0

[Event "Tradewise Gibraltar AmatWk2"]
[Site "Gibraltar"]
[Date "2017.01.30"]
[Round "3.3"]
[White "Sevillano Garcia, Joaquin"]
[Black "Cernuda Orejas, Victor Manuel"]
[Result "0-1"]
[WhiteElo "1816"]
[BlackElo "1892"]
[PlyCount "78"]
[EventDate "2017.01.28"]
[EventType "swiss"]
[EventRounds "5"]
[EventCountry "GGB"]
[SourceTitle "BritBase"]
[Source "www.saund.co.uk"]
[SourceDate "2018.02.10"]
[SourceVersion "1"]
[SourceVersionDate "2018.02.10"]
[SourceQuality "1"]

1. Nf3 c6 2. c4 d5 3. e3 Nf6 4. d4 Bg4 5. h3 Bxf3 6. Qxf3 e6 7. Qd1 Bb4+ 8. Bd2
Bxd2+ 9. Nxd2 Nbd7 10. Bd3 O-O 11. O-O e5 12. dxe5 Nxe5 13. Be2 Nxc4 14. Nxc4
dxc4 15. Bxc4 Qxd1 16. Rfxd1 Rfd8 17. Kf1 Kf8 18. Ke2 Ke7 19. f3 b5 20. Bb3 c5
21. Rxd8 Rxd8 22. Rd1 Rc8 23. e4 c4 24. Bc2 h6 25. b4 a5 26. Rb1 Ra8 27. Kd2
Nh5 28. a4 axb4 29. Rxb4 bxa4 30. Bxa4 Rc8 31. Kc3 Nf4 32. Rb2 Rc5 33. h4 g5
34. g3 Ng6 35. hxg5 Rxg5 36. g4 Ra5 37. Kb4 Ra7 38. Bb5 Ne5 39. Bxc4 Rb7+ 0-1

[Event "Tradewise Gibraltar AmatWk2"]
[Site "Gibraltar"]
[Date "2017.01.30"]
[Round "3.4"]
[White "Ansari, Athar"]
[Black "Diaz Gallego, Saul"]
[Result "1/2-1/2"]
[WhiteElo "1887"]
[BlackElo "1700"]
[PlyCount "116"]
[EventDate "2017.01.28"]
[EventType "swiss"]
[EventRounds "5"]
[EventCountry "GGB"]
[SourceTitle "BritBase"]
[Source "www.saund.co.uk"]
[SourceDate "2018.02.10"]
[SourceVersion "1"]
[SourceVersionDate "2018.02.10"]
[SourceQuality "1"]

1. e4 c5 2. c3 d5 3. exd5 Qxd5 4. d4 Nc6 5. Nf3 Bg4 6. Be2 cxd4 7. cxd4 e6 8.
O-O Nf6 9. Nc3 Qd7 10. Ne5 Nxe5 11. dxe5 Qxd1 12. Bxd1 Bxd1 13. exf6 Bh5 14.
Ne4 Rd8 15. Bg5 Rd5 16. fxg7 Bxg7 17. Bf6 O-O 18. f3 Bg6 19. Bxg7 Kxg7 20. Rac1
Rfd8 21. Rc7 R8d7 22. Rc3 Bxe4 23. fxe4 Rd2 24. Rb3 Re2 25. h3 Rdd2 26. Rg3+
Kf8 27. Rff3 Rxb2 28. Rb3 Rxb3 29. Rxb3 Rxa2 30. Rxb7 a5 31. Kh2 a4 32. Ra7 a3
33. Kg3 Kg7 34. Kf4 Kf6 35. e5+ Kg6 36. Ra8 Ra1 37. Kg4 a2 38. Kh4 Kf5 39. Ra5
Rf1 40. Rxa2 Kxe5 41. Ra5+ Kf6 42. g4 e5 43. Ra6+ Kg7 44. Ra3 Re1 45. Kg5 e4
46. Kf4 Kg6 47. h4 Rg1 48. Re3 Rf1+ 49. Kxe4 f5+ 50. gxf5+ Rxf5 51. Rg3+ Kf6
52. Rg8 Rh5 53. Rf8+ Kg6 54. Rf4 Ra5 55. Kf3 Kh5 56. Rc4 Ra3+ 57. Kg2 Ra2+ 58.
Kf3 Ra3+ 1/2-1/2

[Event "Tradewise Gibraltar AmatWk2"]
[Site "Gibraltar"]
[Date "2017.01.30"]
[Round "3.5"]
[White "Wilson, Matthew R"]
[Black "Rios Gonzalez, Jose Antonio"]
[Result "1/2-1/2"]
[WhiteElo "1791"]
[BlackElo "1847"]
[PlyCount "99"]
[EventDate "2017.01.28"]
[EventType "swiss"]
[EventRounds "5"]
[EventCountry "GGB"]
[SourceTitle "BritBase"]
[Source "www.saund.co.uk"]
[SourceDate "2018.02.10"]
[SourceVersion "1"]
[SourceVersionDate "2018.02.10"]
[SourceQuality "1"]

1. Nf3 Nf6 2. c4 e6 3. e3 d5 4. b3 Nbd7 5. Bb2 Bd6 6. Be2 c6 7. O-O e5 8. d3
O-O 9. Nbd2 b6 10. Rc1 Bb7 11. h3 Qe7 12. Qc2 Rac8 13. Rfd1 Bb8 14. a3 Ne8 15.
Qb1 Nd6 16. Qa1 Rce8 17. b4 f5 18. Nb3 e4 19. dxe4 fxe4 20. Nfd2 Qh4 21. Rf1
Nf5 22. Bg4 Ne5 23. Bxf5 Rxf5 24. Bxe5 Bxe5 25. Nd4 Qf6 26. f4 Bxd4 27. Qxd4
Qxd4 28. exd4 e3 29. Nf3 Rxf4 30. cxd5 cxd5 31. b5 e2 32. Rfe1 Bc8 33. Rc7 Bxh3
34. Rxa7 Bg4 35. Kf2 Bxf3 36. gxf3 Ref8 37. Rxe2 Rxf3+ 38. Kg2 R3f4 39. Rb7
R4f6 40. Re3 h6 41. Rg3 R8f7 42. Rb8+ Kh7 43. Rd8 Rf5 44. Rd6 R7f6 45. Rxf6
Rxf6 46. Rc3 Kg8 47. a4 Kf8 48. Rc8+ Kf7 49. Rc7+ Kf8 50. Rc8+ 1/2-1/2

[Event "Tradewise Gibraltar AmatWk2"]
[Site "Gibraltar"]
[Date "2017.01.30"]
[Round "3.7"]
[White "Haddock, Paul"]
[Black "Skalli, Taoufik"]
[Result "0-1"]
[WhiteElo "1570"]
[BlackElo "1864"]
[PlyCount "56"]
[EventDate "2017.01.28"]
[EventType "swiss"]
[EventRounds "5"]
[EventCountry "GGB"]
[SourceTitle "BritBase"]
[Source "www.saund.co.uk"]
[SourceDate "2018.02.10"]
[SourceVersion "1"]
[SourceVersionDate "2018.02.10"]
[SourceQuality "1"]

1. e4 c5 2. d4 cxd4 3. c3 g6 4. cxd4 d5 5. e5 Bg7 6. Nf3 Bg4 7. Bb5+ Nd7 8. Nc3
e6 9. h3 Bxf3 10. Qxf3 a6 11. Bd3 Ne7 12. Bg5 O-O 13. Qe3 Re8 14. O-O Qb6 15.
Bxe7 Rxe7 16. b3 Rae8 17. f4 f6 18. Rf3 fxe5 19. fxe5 Rc8 20. Na4 Qa7 21. Raf1
b5 22. Qg5 Qxd4+ 23. Kh1 Rce8 24. Bxg6 hxg6 25. Nc3 Nxe5 26. Ne2 Nxf3 27. Qxe7
Rxe7 28. Nxd4 Nxd4 0-1

[Event "Tradewise Gibraltar AmatWk2"]
[Site "Gibraltar"]
[Date "2017.01.30"]
[Round "3.8"]
[White "Garcia-Blazquez Perez, Manuel"]
[Black "Dennis, Nigel W"]
[Result "1-0"]
[WhiteElo "1851"]
[BlackElo "1818"]
[PlyCount "127"]
[EventDate "2017.01.28"]
[EventType "swiss"]
[EventRounds "5"]
[EventCountry "GGB"]
[SourceTitle "BritBase"]
[Source "www.saund.co.uk"]
[SourceDate "2018.02.10"]
[SourceVersion "1"]
[SourceVersionDate "2018.02.10"]
[SourceQuality "1"]

1. e4 c5 2. Nf3 e6 3. c3 d5 4. exd5 Qxd5 5. d4 Nf6 6. Na3 a6 7. Nc4 Nbd7 8. Be2
cxd4 9. Qxd4 Qxd4 10. Nxd4 Bc5 11. Nb3 Ba7 12. Bf4 Bb8 13. Nd6+ Ke7 14. O-O-O
Nd5 15. Nxc8+ Rxc8 16. Bg5+ f6 17. Bh4 Nc5 18. Nxc5 Rxc5 19. Rhe1 Be5 20. Bf3
g5 21. Bxd5 Rxd5 22. Rxd5 exd5 23. Bxg5 Kd6 24. f4 fxg5 25. fxe5+ Ke6 26. Kd2
Rf8 27. Re2 Rf5 28. a4 b5 29. a5 Rf4 30. b3 b4 31. g3 bxc3+ 32. Kxc3 Rf3+ 33.
Kb4 Rd3 34. Rb2 Kxe5 35. Kc5 Rf3 36. Re2+ Kf5 37. b4 Rb3 38. Re7 h5 39. Ra7 d4
40. Kc4 Rb2 41. h4 gxh4 42. gxh4 d3 43. Rd7 Rh2 44. Rxd3 Rxh4+ 45. Kc5 Rg4 46.
Rd5+ Kg6 47. Rd6+ Kg5 48. Rxa6 h4 49. Ra8 h3 50. Rh8 Rh4 51. Rg8+ Kf6 52. Rg1
h2 53. Rh1 Ke7 54. a6 Rh5+ 55. Kc6 Rh6+ 56. Kb7 Rh4 57. b5 Kd6 58. a7 Rh7+ 59.
Ka6 Rh8 60. b6 Kc5 61. Rc1+ Kb4 62. Kb7 Rh7+ 63. Kc6 Rh6+ 64. Kd5 1-0

[Event "Tradewise Gibraltar AmatWk2"]
[Site "Gibraltar"]
[Date "2017.01.30"]
[Round "3.9"]
[White "Zitan, Abdelhay"]
[Black "Lochte, Szilvia"]
[Result "0-1"]
[WhiteElo "1678"]
[BlackElo "1829"]
[PlyCount "83"]
[EventDate "2017.01.28"]
[EventType "swiss"]
[EventRounds "5"]
[EventCountry "GGB"]
[SourceTitle "BritBase"]
[Source "www.saund.co.uk"]
[SourceDate "2018.02.10"]
[SourceVersion "1"]
[SourceVersionDate "2018.02.10"]
[SourceQuality "1"]

1. e4 c5 2. c3 d5 3. exd5 Qxd5 4. d4 Nf6 5. Nf3 e6 6. Be2 cxd4 7. cxd4 Bb4+ 8.
Bd2 Bxd2+ 9. Nbxd2 Nc6 10. Nb3 O-O 11. O-O b6 12. Rc1 Bb7 13. Bc4 Qd6 14. Qe2
Rfd8 15. Rfd1 Qf4 16. Qe3 Qg4 17. h3 Qg6 18. Bd3 Qh5 19. Be2 Nb4 20. a3 Nbd5
21. Qe5 Qh6 22. Qg5 Qxg5 23. Nxg5 Nf4 24. Bf1 h6 25. Nf3 Nxh3+ 26. gxh3 Bxf3
27. Rd3 Bd5 28. Nd2 Rd7 29. Bg2 Rad8 30. Bxd5 Nxd5 31. Rf3 Nf6 32. Nb3 Ne4 33.
Re3 Nd6 34. Rd3 Nf5 35. Rcd1 e5 36. d5 Ne7 37. d6 Nc8 38. Rc1 Rxd6 39. Rxd6
Nxd6 40. Rc7 Nb5 41. Re7 Nd4 42. Nxd4 0-1